Countries of the World Chain - Statistics

General Stats
  • This quiz has been taken 61 times
  • The average score is 81 of 96
Answer Stats
Hint Answer % Correct
The US had a war with this country that is near Pakistan and Iran Afghanistan
100%
Type in "Albania" Albania
100%
Starts with "A" and is in the north part of Africa Algeria
100%
Small country next to Spain and France Andorra
100%
Starts with "A" and is in the south part of Africa Angola
100%
Type in "Antigua" Antigua
100%
In South America and is next to Chile Argentina
100%
Next to Azerbaijan Armenia
100%
Outback, Sydney, Melbourne, Koalas, Kangaroos Australia
100%
It boarders Germany and is the country that Mozart was born in Austria
100%
Next Armenia Azerbaijan
100%
Type in "Z" in the answer box Z
100%
It starts with Z and is in Africa Zambia
100%
Type in "Zimbabwe" Zimbabwe
100%
Type in "Eswatini" in the answer box Eswatini
94%
Type in "Malawi" Malawi
94%
Type in "Marshall Islands" Marshall Islands
94%
Type in "Montenegro" Montenegro
94%
Type in "Nambia" Nambia
94%
Type in "Nauru" Nauru
94%
Near India and China Nepal
94%
Tulips, wooden clogs, Queen Maxima Netherlands
94%
Next to Australia New Zealand
94%
Type in "Antigua" Nicaragua
94%
Has the same first 3 letters of the country Nigeria Niger
94%
Type in "Nigeria" Nigeria
94%
Ruled by the Kim family of dictators North Korea
94%
Scandinavian country that is next to Sweden and has no other country next to it Norway
94%
Type in "Saint Kitts and Nevis" Saint Kitts and Nevis
94%
Type in "Saint Vincent and the Grenadines" Saint Vincent and the Grenadines
94%
Next to Romania and starts with "S" Serbia
94%
Has the letters "L,E,O" in it Sierra Leone
94%
The country in Africa that is at the very bottom of Africa South Africa
94%
Kpop South Korea
94%
Type in "South Sudan" South Sudan
94%
Flamenco dancing, matadors, Queen Letizia, Barcelona Spain
94%
Type in "Gabon" Gabon
92%
Oktoberfest, Haribo gummy candy, Beethoven Germany
92%
Type in "M" in the answer box M
92%
Next to Russia and starts with "B" Belarus
90%
Type in "G" in the answer box G
90%
Type in "Ivory Coast" Ivory Coast
90%
Asian country that starts with "L" Laos
90%
Second Baltic country Latvia
90%
Next to Germany and Switzerland Liechtenstein
90%
Small country next to Belgium, France and Germany Luxembourg
90%
Only country in the middle east that starts with "Y" Yemen
90%
Type in "N" in the answer box N
88%
Type in "S" in the answer box S
88%
Type in "Timor Leste" Timor Leste
86%
Type the letter "B" in the answer box B
84%
Volcanoes, geysers, near the arctic circle, no mosquitos Iceland
84%
Associated with Christianity and Judaism Israel
84%
Pasta, soccer, gondola, Milan, Rome Italy
84%
Type in "L" in the answer box L
84%
Type in "Democratic Republic of the Congo" Democratic Republic of the Congo
82%
Transylvania, Vlad the impaler, Dracula Romania
82%
Faberge eggs, Czar, USSR, Matryoshka Russia
82%
Type in "Rwanda" Rwanda
82%
Type in "Y" in the answer box Y
82%
Pyramids, Pharaoh, Sphynx, Camels Egypt
80%
Means the savior El Salvador
80%
Baltic country that starts with "E" Estonia
80%
Type in "I" in the answer box I
80%
Scandinavian country next to Germany Denmark
78%
Type in "Dominican Republic" Dominican Republic
78%
Type the letter "E" in the answer box E
78%
Type in "U" in the answer box U
78%
Tea, Prince William, Buckingham palace United Kingdom
78%
Only country in South America that starts with "U" Uruguay
78%
Starts with "C" and is in the central part of Africa and is next to Nigeria Cameroon
76%
Next to Tanzania and is a small country in Africa Comoros
76%
Type in "Tunisia" Tunisia
76%
Constantinople / Istanbul, also a bird and the main dish eaten during the holiday of Thanksgiving Turkey
76%
Type the letter "C" in the answer box C
74%
A big country in Central Asia that is next to China and starts with the letter "K" Kazakhstan
74%
Type in "Kiribati" Kiribati
74%
Type the letter "D" in the answer box D
72%
Type in "K" in the answer box K
72%
Chanel, Paris, Eiffel Tower, Champagne, Versailles France
70%
Goulash, next to Romania Hungary
70%
Type in "Q" in the answer box R
70%
Type in "F" in the answer box F
68%
Type in "O" in the answer box O
68%
Is next to Spain and has no other bordering countries Portugal
68%
Type in "T" in the answer box T
68%
Type in "W" in the answer box W
64%
Type in "H" in the answer box H
62%
Type in "Qatar" Qatar
62%
Bob Marley, Sean Paul Jamaica
60%
Type in "P" in the answer box P
60%
Type in "Q" in the answer box Q
60%
Next to Laos and China Vietnam
60%
Type in "V" in the answer box V
56%
Type in "X" in the answer box X
56%
Type in "J" in the answer box J
52%
No matching quizzes found
Score Distribution
Percent of People with Each Score
Percentile by Number Answered
Your Score History
You have not taken this quiz